| 000 | 00522nam a2200205 a 4500 | ||
|---|---|---|---|
| 001 | BRCA_6333 | ||
| 005 | 20190320205421.0 | ||
| 008 | 120811c1913----gw-a######---#000-0#ger-# | ||
| 041 | _ager | ||
| 044 | _agw | ||
| 050 | 4 |
_aF1227.5 _b.W558 La |
|
| 100 | 1 |
_aBormann, Edwin _d1851-1912. _915881 |
|
| 245 | 1 | 0 |
_aHumoristischer _bHausschatz _cEdwin Bormann. |
| 260 |
_aLeipzig _bEdwin Bormann“s Selb _c[1917] |
||
| 300 |
_a447 p. _bil. _c18 cm. |
||
| 500 | _aK39 | ||
| 650 | 1 | 4 |
_aHumor _915882 |
| 902 | _aGFM | ||
| 942 |
_2lcc _cB |
||
| 999 |
_c6019 _d6019 |
||